Gardiens de l'Équipe de France de Football - Statistiques

Statistiques générales
  • Ce quiz a été pris 1 159 fois
    1 048 depuis la dernière actualisation
  • Le résultat moyen est 6 sur 20
Statistiques - réponses
Séléctions Période Gardien % Correct
145 2008-2022 Hugo Lloris
100%
87 1994-2006 Fabien Barthez
97%
35 2008-2022 Steve Mandanda
88%
44 1993-2000 Bernard Lama
75%
34 2001-2008 Grégory Coupet
65%
50 1983-1989 Joël Bats
46%
12 1999-2003 Ulrich Ramé
27%
31 1987-1996 Bruno Martini
21%
21 1972-1982 Dominique Baratelli
13%
17 1978-1981 Dominique Dropsy
13%
36 1963-1973 George Carnus
8%
20 1964-1968 Marcel Aubour
5%
26 1953-1959 François Remetter
4%
25 1939-1951 Julien Darui
4%
17 1949-1954 René Vignal
4%
13 1957-1961 Dominique Colonna
3%
21 1960-1965 Pierre Bernard
3%
31 1927-1935 Alexis Thépot
2%
18 1920-1927 Maurice Cottenet
1%
21 1911-1925 Pierre Chayriguès
1%
Aucun quiz correspondant
Distribution des résultats
% des personnes avec chaque résultat
Percentile par nombre de réponses
Votre historique - résultats
Vous n’avez pas pris ce quiz depuis la dernière actualisation